<?xml version="1.0" encoding="UTF-8"?><?xml-stylesheet type="text/xsl" href="static/style.xsl"?><OAI-PMH xmlns="http://www.openarchives.org/OAI/2.0/" xmlns:xsi="http://www.w3.org/2001/XMLSchema-instance" xsi:schemaLocation="http://www.openarchives.org/OAI/2.0/ http://www.openarchives.org/OAI/2.0/OAI-PMH.xsd"><responseDate>2026-06-02T21:42:22Z</responseDate><request verb="GetRecord" identifier="oai:riuma.uma.es:10630/15775" metadataPrefix="marc">https://riuma.uma.es/rest/oai/request</request><GetRecord><record><header><identifier>oai:riuma.uma.es:10630/15775</identifier><datestamp>2026-02-03T12:07:36Z</datestamp><setSpec>com_10630_2254</setSpec><setSpec>col_10630_37959</setSpec></header><metadata><record xmlns="http://www.loc.gov/MARC21/slim" xmlns:dcterms="http://purl.org/dc/terms/" xmlns:doc="http://www.lyncode.com/xoai" xmlns:xsi="http://www.w3.org/2001/XMLSchema-instance" xsi:schemaLocation="http://www.loc.gov/MARC21/slim http://www.loc.gov/standards/marcxml/schema/MARC21slim.xsd">
   <leader>00925njm 22002777a 4500</leader>
   <datafield ind2=" " ind1=" " tag="042">
      <subfield code="a">dc</subfield>
   </datafield>
   <datafield ind2=" " ind1=" " tag="720">
      <subfield code="a">Rodríguez-Naranjo, María Carmen</subfield>
      <subfield code="e">author</subfield>
   </datafield>
   <datafield ind2=" " ind1=" " tag="720">
      <subfield code="a">Caño-González, Antonio</subfield>
      <subfield code="e">author</subfield>
   </datafield>
   <datafield ind2=" " ind1=" " tag="260">
      <subfield code="c">2018-05-21</subfield>
   </datafield>
   <datafield ind2=" " ind1=" " tag="520">
      <subfield code="a">Research has shown that difficulties in family functioning contribute to developing adolescents’&#xd;
depressive symptoms. Additionally, little research has been conducted in order to analyze socio-economic&#xd;
status (SES) differences in the relationship between family functioning and adolescent depressive&#xd;
symptoms. This study examined the relationships between the family variables included in the&#xd;
MacMaster Model of Family Functioning (MMFF), SES and depressive symptoms, as well as the&#xd;
mediating effects of hopelessness. Participants were 643 adolescents aged 12 to 18 years (49% male)&#xd;
drawn from secondary schools in Málaga (Spain). They completed the Family Assessment Device, the&#xd;
Beck Depression Inventory, the Beck Hopelessness Scale, and a socio-economic measure. We used&#xd;
conditional process analysis to test the moderation effect of gender and a dual mediation model with&#xd;
family functioning and hopelessness as mediators. Results showed that both family functioning as a&#xd;
whole and each MMFF variable, as well as SES, predicted adolescents’ depressive symptoms. In&#xd;
addition, gender moderated the relationship of roles assignment and behavioral control with adolescents’&#xd;
depressive symptoms, which suggests the need for interventions directed to enhance family rules and&#xd;
boundaries, especially for boys. Finally, we found a serial mediational role of family functioning and&#xd;
hopelessness in the relationship between SES and depressive symptoms, suggesting that the effect of&#xd;
family SES on adolescents’ depressive symptoms through the development of hopelessness should also&#xd;
be targeted.</subfield>
   </datafield>
   <datafield ind1="8" ind2=" " tag="024">
      <subfield code="a">https://hdl.handle.net/10630/15775</subfield>
   </datafield>
   <datafield tag="653" ind2=" " ind1=" ">
      <subfield code="a">Adolescentes</subfield>
   </datafield>
   <datafield tag="653" ind2=" " ind1=" ">
      <subfield code="a">Depresión mental</subfield>
   </datafield>
   <datafield ind2="0" ind1="0" tag="245">
      <subfield code="a">Family functioning, socio-economic status and adolescent’s depressive symptoms: the mediating role of hopelessness.</subfield>
   </datafield>
</record>
</metadata></record></GetRecord></OAI-PMH>